Очередной рекорд пояса Койпера; Природа; № 5

Bibliographic Details
Parent link:Природа: естественно-научный журнал/ Российская Академия наук.— , 1912-.— 0032-874X
№ 5.— 2003.— с. 79-80
Main Author: Вибе Д. З.
Language:Russian
Published: 2003
Series:Новости науки
Subjects:
Format: Book Chapter
KOHA link:https://koha.lib.tpu.ru/cgi-bin/koha/opac-detail.pl?biblionumber=386495

MARC

LEADER 00000naa2a2200000 4500
001 386495
005 20231101063501.0
035 |a (RuTPU)RU\TPU\prd\15309 
090 |a 386495 
100 |a 20030619a2003 k y0rusy50 ca 
101 0 |a rus 
102 |a RU 
200 1 |a Очередной рекорд пояса Койпера  |f Д. З. Вибе 
225 1 |a Новости науки 
461 1 |0 (RuTPU)RU\TPU\prd\304  |x 0032-874X  |t Природа  |o естественно-научный журнал  |f Российская Академия наук  |d 1912- 
463 1 |0 (RuTPU)RU\TPU\prd\72970  |t № 5  |v с. 79-80  |d 2003 
610 1 |a планеты 
610 1 |a Плутон 
610 1 |a астероиды 
610 1 |a Солнечная система 
610 1 |a пояс Койпера 
700 1 |a Вибе  |b Д. З. 
801 1 |a RU  |b 63413507  |c 20030619  |g PSBO 
801 2 |a RU  |b 63413507  |c 20100119  |g RCR 
942 |c BK